| 000 | 00526nam a22001577a 4500 | ||
|---|---|---|---|
| 003 | OSt | ||
| 005 | 20151104085106.0 | ||
| 008 | 151104b xxu||||| |||| 00| 0 eng d | ||
| 040 | _cRUA | ||
| 082 | _aFOR MAU 1996 B122 Or.1 | ||
| 100 |
_93302 _aMAU, THAKNIN. |
||
| 245 | _aStudy on forest management in kampong cham province (សិក្សាពីការរៀបចំព្រៃឈើនៅខេត្តកំពង់ចាម) | ||
| 260 |
_aPhnom Penh _bRUA _c1996 |
||
| 300 |
_a54p. _bill. _c29cm. |
||
| 942 |
_2ddc _cFOR |
||
| 999 |
_c3082 _d3082 |
||